[Event "45th Olympiad 2024"]
[Site "Budapest HUN"]
[Date "2024.09.16"]
[Round "6.33"]
[Board "4"]
[White "Munoz Sanchez, Miguel"]
[Black "Hovhannisyan, Mher"]
[Result "1/2-1/2"]
[WhiteElo "2181"]
[BlackElo "2414"]
[PlyCount "106"]
[EventDate "2024.09.11"]
[WhiteTeam "Ecuador"]
[BlackTeam "Belgium"]
[WhiteTeamCountry "ECU"]
[BlackTeamCountry "BEL"]

1. e4 e6 2. Qe2 Be7 3. Nf3 d5 4. d3 Nf6 5. g3 b5 6. Bg2 Bb7 7. e5 Nfd7 8. O-O c5 9. h4 Nc6 10. Bf4 h6 11. h5 b4 $146 ({RR} 11... a5 12. a4 b4 13. Nbd2 Nb6 14. Rfe1 Ba6 15. c4 bxc3 16. bxc3 Rb8 17. g4 Qd7 18. g5 hxg5 19. Nxg5 Nd8 20. Reb1 Rb7 21. c4 Nxa4 22. Rxb7 Bxb7 23. Qg4 Bc6 24. Ra3 Nb2 25. Qe2 dxc4 26. dxc4 {0-1 Congiu,M (2274)-McDonald,N (2415) BCF-chT1a 1516 (4NCL) 2015 (6.135)}) 12. c3 bxc3 13. bxc3 Ba6 14. Nbd2 Nb6 15. Rfd1 Na4 16. Rdc1 Nb2 17. Ne1 c4 18. Qg4 Kf8 19. Rab1 Rb8 20. d4 Kg8 21. Be3 Ba3 22. Nc2 Bf8 23. f4 Na4 24. f5 Rxb1 25. Nxb1 exf5 26. Qxf5 Bc8 27. Qf2 Be6 28. Ne1 Be7 29. Bf3 Nb6 30. Ng2 Qd7 31. Rf1 Bg5 32. Bd1 Ne7 33. Bc2 Bxe3 34. Nxe3 Nc6 35. Qf4 Qe7 36. Nd2 Qg5 37. Nf3 Qxh5 38. Nf5 g5 39. Qe3 Qh3 40. Nh2 Nc8 41. Rf3 g4 42. Rf4 N8e7 43. Rxg4+ Kf8 44. Nxe7 Nxe7 45. Rh4 Nf5 46. Bxf5 Qxf5 47. Rxh6 Qb1+ 48. Nf1 Rxh6 49. Qxh6+ Ke8 50. Qh8+ Kd7 51. Qa8 Qxa2 52. Qb7+ Ke8 53. Qb8+ Kd7 1/2-1/2

[Event "45th Olympiad 2024"]
[Site "Budapest HUN"]
[Date "2024.09.16"]
[Round "6.34"]
[Board "1"]
[White "Bagheri, Amir"]
[Black "Galaviz Medina, Sion Radamantys"]
[Result "0-1"]
[WhiteElo "2372"]
[BlackElo "2488"]
[PlyCount "102"]
[EventDate "2024.09.11"]
[WhiteTeam "Monaco"]
[BlackTeam "Mexico"]
[WhiteTeamCountry "MNC"]
[BlackTeamCountry "MEX"]

1. d4 Nf6 2. Nf3 e6 3. Bf4 c5 4. e3 d5 5. Nbd2 Nc6 6. Bb5 Bd6 7. dxc5 Bxc5 8. c4 O-O 9. O-O a6 ({RR} 9... Bd7 10. Rc1 dxc4 11. Bxc4 Bb6 12. Nb3 {½-½ Bagheri,A (2350)-Michaelides,K (2292) EU Small Countries ol 7th 2021 (7.5)}) 10. Ba4 Nb4 $146 ({RR} 10... Bd7 11. Rc1 Be7 12. Bc2 Rc8 13. Bb1 Re8 14. h3 h6 15. Ne5 Nxe5 16. Bxe5 Bc6 17. Qc2 g6 18. Rfd1 Bd6 19. Qc3 Bxe5 20. Qxe5 Qe7 21. Nf3 dxc4 22. Nd4 Bd7 23. Ne2 Rc5 24. Qf4 Rg5 25. Qxc4 {0-1 Rosen,E (2361)-Kochiev,I (2051) Titled Tue 27th Feb Early 2024 (8)}) 11. Nb3 Be7 12. c5 Ne4 13. a3 Nc6 14. Rc1 Bd7 15. Nfd2 g5 16. Bg3 Nxg3 17. hxg3 Bf6 18. Qc2 Bg7 19. Qb1 f5 20. Nf3 Qf6 21. Rfd1 Rad8 22. Rd2 Be8 23. Qc2 Bh5 24. Bxc6 bxc6 25. Na5 Rc8 26. Nb7 Rb8 27. Na5 Be8 28. b4 e5 29. Qd1 h5 30. Qe2 g4 31. Nh4 Bh6 32. Qxa6 f4 33. Re1 Bg5 34. exf4 exf4 35. Rde2 fxg3 36. fxg3 Bxh4 37. gxh4 Qxh4 38. Rf1 Rxf1+ 39. Kxf1 g3 40. Ke1 Qf4 41. Nb3 h4 42. Qd3 Bh5 43. Qe3 Rf8 44. Qxf4 Rxf4 45. Re5 Bg4 46. Re3 Rf2 47. Re5 Kf7 48. Rg5 Rf4 49. Nc1 Re4+ 50. Kd2 h3 51. gxh3 g2 0-1

[Event "45th Olympiad 2024"]
[Site "Budapest HUN"]
[Date "2024.09.16"]
[Round "6.34"]
[Board "2"]
[White "Hernandez Guerrero, Gilberto"]
[Black "Efimov, Igor"]
[Result "0-1"]
[WhiteElo "2482"]
[BlackElo "2338"]
[PlyCount "78"]
[EventDate "2024.09.11"]
[WhiteTeam "Mexico"]
[BlackTeam "Monaco"]
[WhiteTeamCountry "MEX"]
[BlackTeamCountry "MNC"]

1. e4 e6 2. d4 d5 3. Nc3 Nf6 4. Bg5 dxe4 5. Nxe4 Be7 6. Bxf6 gxf6 7. Nf3 a6 8. Bd3 b5 9. Qe2 Nd7 10. a4 ({RR} 10. Ng3 Bb7 11. Be4 c6 12. h4 f5 13. Bd3 c5 14. dxc5 Nxc5 15. O-O-O Qc7 16. Kb1 O-O-O 17. Rhe1 Bf6 18. Nh5 Be7 19. Ng5 Bxg5 20. hxg5 h6 21. gxh6 Rxh6 22. Ng3 Bxg2 23. Qe3 f4 24. Qe5 Qxe5 {0-1 Guevara Ruiz,S (2109)-Sjugirov,S (2651) Titled Tue 2nd Jul Early 2024 (3)}) 10... Bb7 11. O-O b4 12. Rfe1 $146 ({RR} 12. c4 bxc3 13. bxc3 c5 14. Rfb1 Qc7 15. a5 Rg8 16. Ng3 f5 17. Bxf5 exf5 18. Rxb7 Qxb7 19. Nxf5 Ne5 20. Qxe5 Kf8 21. Re1 Re8 22. d5 Qd7 23. Qf4 Rg7 24. Nxg7 Kxg7 25. Qe5+ f6 26. Qh5 Rb8 {1-0 Damjanovic,M (2305)-Kovacevic,B (2443) Slavonija Swiss 2001 (9)}) ({RR} 12. c4 c6 13. Rfe1 Qa5 14. c5 Qc7 15. Nfd2 Nf8 16. Nc4 Ng6 17. Qf3 f5 18. Ned6+ Kf8 19. Bxf5 exf5 20. Qxf5 Bh4 21. g3 Bc8 22. Qf3 Kg7 23. gxh4 Be6 24. h5 Ne7 25. Rxe6 fxe6 26. Qf7+ Kh6 {1-0 Heimsoth,S (2113)-Kleinegger,F (2201) Ruhrgebiet CupT 2005 [4]}) ({RR} 12. c4 O-O 13. Rad1 c6 14. Rfe1 Re8 15. Bb1 Qa5 16. Nfd2 f5 17. Qh5 Qd8 18. Re3 Nf8 19. Rg3+ Ng6 20. Nf3 fxe4 21. Rh3 Bf6 22. Qxh7+ Kf8 23. Bxe4 Nh8 24. Rh6 Rb8 25. g4 Bg7 26. Rh5 c5 {0-1 Nikolic,M (2212)-Skare,G (2318) Belgrade Ada op 2005 (6)}) 12... Nf8 13. c4 Ng6 14. Qe3 f5 15. Ned2 O-O 16. Nb3 Bf6 17. Bf1 c5 18. dxc5 Bxb2 19. Rad1 Qc7 20. Rd6 Bc6 21. Ng5 Rfe8 22. Qh3 Nf8 23. Re3 Bg7 24. a5 Ba4 25. Rb6 Bxb3 26. Rxb3 Qxc5 27. R6xb4 h6 28. Nf3 Qxa5 29. Qh5 Ng6 30. Rb7 Qa1 31. g4 fxg4 32. Qxg4 a5 33. Nh4 Nxh4 34. Qxh4 a4 35. Rg3 a3 36. Qxh6 a2 37. Qh5 Qf6 38. Bd3 a1=Q+ 39. Kg2 Qae5 0-1

[Event "45th Olympiad 2024"]
[Site "Budapest HUN"]
[Date "2024.09.16"]
[Round "6.34"]
[Board "3"]
[White "Levacic, Damir"]
[Black "Ibarra Chami, Luis Fernando"]
[Result "1/2-1/2"]
[WhiteElo "2097"]
[BlackElo "2427"]
[PlyCount "136"]
[EventDate "2024.09.11"]
[WhiteTeam "Monaco"]
[BlackTeam "Mexico"]
[WhiteTeamCountry "MNC"]
[BlackTeamCountry "MEX"]

1. d4 d5 2. c4 e6 3. Nc3 Bb4 4. a3 Bxc3+ 5. bxc3 Nf6 6. e3 c6 7. Qc2 O-O 8. Nf3 b6 9. cxd5 cxd5 10. Bd3 Ba6 11. Bxa6 $146 ({RR} 11. O-O Qc8 12. a4 Bxd3 13. Qxd3 Nc6 14. Ba3 Re8 15. Nd2 Na5 16. Bb4 Nc4 17. Nxc4 dxc4 18. Qc2 Qc6 19. a5 b5 20. a6 e5 21. Rfb1 Nd5 22. Bc5 Nc7 23. Ra5 Re6 24. Qf5 h6 25. Qf3 e4 {½-½ Hartge,G (2093)-Schuetze,N (2295) Sachsen-Anhalt-ch 27th 2017 (7.1)}) 11... Nxa6 12. Qd3 Qc7 13. Bd2 Nb8 14. O-O Nbd7 15. Rfc1 Rfc8 16. a4 a6 17. Be1 Ne8 18. Nd2 Nd6 19. f3 Nc4 20. Bg3 Qb7 21. Nb3 Qc6 22. Ra2 h6 23. Re1 b5 24. a5 Nd6 25. Bxd6 Qxd6 26. Qd2 Rc4 27. Nc1 Qc7 28. Ne2 Ra4 29. Rea1 Qxa5 30. Rxa4 bxa4 31. Qa2 Nb6 32. Kf2 Re8 33. Qa3 Qb5 34. Ra2 Qd3 35. Nf4 Qd1 36. Qb4 Nc4 37. Qxa4 Qxa4 38. Rxa4 a5 39. e4 g5 40. Nh5 Ra8 41. Ke2 Kf8 42. exd5 exd5 43. Nf6 Nb6 44. Ra2 a4 45. Kd3 Ke7 46. Ng4 h5 47. Ne3 Kd6 48. g3 Kc6 49. Nc2 Re8 50. Nb4+ Kb5 51. Ra1 Re6 52. Nxd5 Nxd5 53. c4+ Ka5 54. cxd5 Re8 55. d6 Rd8 56. Kc4 Rxd6 57. Kc5 Rd8 58. d5 Rc8+ 59. Kd6 Rc3 60. Ke7 Re3+ 61. Kd7 a3 62. d6 Kb4 63. Kc7 Rc3+ 64. Kb7 Rd3 65. Kc7 Rc3+ 66. Kb7 Rd3 67. Kc7 Rc3+ 68. Kb7 Rd3 1/2-1/2

[Event "45th Olympiad 2024"]
[Site "Budapest HUN"]
[Date "2024.09.16"]
[Round "6.34"]
[Board "4"]
[White "Palma Villanueva, Miguel Tadeo"]
[Black "Van Hoolandt, Patrick"]
[Result "1-0"]
[WhiteElo "2266"]
[BlackElo "2036"]
[PlyCount "61"]
[EventDate "2024.09.11"]
[WhiteTeam "Mexico"]
[BlackTeam "Monaco"]
[WhiteTeamCountry "MEX"]
[BlackTeamCountry "MNC"]

1. e4 e5 2. Nf3 Nc6 3. Bb5 a6 4. Ba4 Nf6 5. O-O b5 6. Bb3 Bc5 7. c3 d6 8. d4 exd4 9. cxd4 Bb6 10. h3 h6 11. e5 ({RR} 11. Nc3 O-O 12. a4 b4 13. Nd5 Bb7 14. Nxb6 cxb6 15. e5 Ne4 16. Bd5 Na5 17. Bxb7 Nxb7 18. Qe1 d5 19. Qxb4 Rc8 20. Qb3 Na5 21. Qd3 Rc4 22. Bd2 Qc7 23. b3 Rc6 24. Bb4 Rc8 25. Nd2 Nxd2 {1-0 Pruess,D (2331)-Schleifer,M (2356) Quebec-ch Inv 2003 (1)}) ({RR} 11. Nc3 O-O 12. e5 dxe5 13. dxe5 Qxd1 14. Rxd1 Nd7 15. e6 Nc5 16. exf7+ Kh8 17. Bd5 Bb7 18. Nh4 Ne5 19. Bf4 Bxd5 20. Nxd5 Ncd3 21. Bxe5 Nxe5 22. Nxb6 cxb6 23. Re1 g5 24. Nf5 Nxf7 25. Re6 Kh7 {1-0 Bodnaruk,A (2340)-Devanshi,R (1559) Swiss Queens Wed #4 2024 (1.145)}) 11... dxe5 12. dxe5 Qxd1 13. Rxd1 Ng8 $146 ({RR} 13... Nh7 14. Bd5 Bb7 15. Nc3 O-O 16. Bf4 Rad8 17. b4 Ba8 18. a3 Rfe8 19. Rac1 Ne7 20. Bxa8 Rxa8 21. Rd2 Rad8 22. Rcd1 Rxd2 23. Rxd2 Nf8 24. Bh2 Ne6 25. Ne4 Rd8 26. Rxd8+ Nxd8 27. Kf1 Ne6 28. Ke2 {0-1 Martynenko,N (2094)-Grosu,A Geller Memorial op-B 7th 2011 (1)}) ({RR} 13... Nd7 14. Bd5 Bb7 15. Bxf7+ Kxf7 16. Rxd7+ Ne7 17. Bf4 Bxf3 18. gxf3 Ke6 19. Rd1 Rhf8 20. Bg3 Rxf3 21. Kg2 Raf8 22. Rd2 Nd5 23. Re2 h5 24. Nd2 R3f5 25. Ne4 h4 26. Bh2 Nf4+ 27. Bxf4 Rxf4 28. Rc1 {½-½ Bindu,S (1988)-Roy,P (1956) IND-chB (Women) 34th 2007}) ({RR} 13... Ne4 14. Bd5 Nxf2 15. Bxc6+ Ke7 16. Rf1 Nd3+ 17. Kh2 Rb8 18. Nc3 Be6 19. Be4 Nc5 20. Nd4 Rbf8 21. Nxe6 Kxe6 22. Bd5+ Ke7 23. Be3 Nd7 24. Bxb6 Nxb6 25. Bb7 b4 26. Nd5+ Nxd5 27. Bxd5 a5 28. Rac1 {1-0 Saldana Diaz,J-Rivas,P PER-ch U18 Lima 2002 (1)}) 14. Nc3 Ra7 15. Nd5 Nge7 16. Nxb6 cxb6 17. Be3 Rb7 18. Rd6 Bd7 19. Rc1 O-O 20. e6 Be8 21. exf7+ Rxf7 22. g4 Kf8 23. Bxf7 Kxf7 24. Nd4 Ne5 25. Ne6 Rb8 26. Nxg7 Kxg7 27. Bd4 Rb7 28. Bxe5+ Kh7 29. Rd8 Bf7 30. b3 Bd5 31. Rc7 1-0

[Event "45th Olympiad 2024"]
[Site "Budapest HUN"]
[Date "2024.09.16"]
[Round "6.35"]
[Board "1"]
[White "Khusenkhojaev, Mustafokhuja"]
[Black "Galego, Luis"]
[Result "1-0"]
[WhiteElo "2283"]
[BlackElo "2444"]
[PlyCount "57"]
[EventDate "2024.09.11"]
[WhiteTeam "Tajikistan"]
[BlackTeam "Portugal"]
[WhiteTeamCountry "TJK"]
[BlackTeamCountry "POR"]

1. d4 Nf6 2. c4 e6 3. g3 Bb4+ 4. Bd2 Bxd2+ 5. Qxd2 O-O 6. Bg2 d5 7. Nf3 Qe7 8. O-O c5 9. cxd5 exd5 10. dxc5 Qxc5 11. Nc3 Nc6 12. Rac1 Be6 13. Rfd1 Qa5 $146 ({RR} 13... Rac8 14. Nd4 Qb6 15. Nxc6 Rxc6 16. Na4 Qb5 17. Rxc6 Qxc6 18. Nc3 Qb6 19. e3 h6 20. b3 Rd8 21. Ne2 Bg4 22. f3 Bd7 23. Kf2 Rc8 24. Rc1 Rxc1 25. Qxc1 Qa6 26. a3 Qc6 27. Qxc6 bxc6 28. b4 {½-½ Khairullin,I (2631)-Zvjaginsev,V (2683) RUS-ch Higher League 65th 2012 (6)}) ({RR} 13... Rac8 14. a3 Qe7 15. h3 h6 16. Kh2 Rfe8 17. Nd4 Ne5 18. Nxe6 fxe6 19. e4 dxe4 20. Nxe4 Rxc1 21. Rxc1 Rd8 22. Nxf6+ Qxf6 23. Qe2 b6 24. b4 Rf8 25. f4 Ng6 26. Rc6 Re8 27. Bd5 Nf8 28. Bb3 {½-½ Raghunandan,K (2410)-Arvind,S (2190) Mumbai Mayors Cup 10th 2017 (10)}) ({RR} 13... Rac8 14. Nd4 Nxd4 15. Qxd4 b6 16. Qf4 Qc7 17. Qd2 Qe5 18. Qd4 Qxd4 19. Rxd4 Rc4 20. Rcd1 Rfc8 21. Nxd5 Rxd4 22. Rxd4 Rc1+ 23. Bf1 Nxd5 {0-1 Wang,Y-Fleischmann,Y (1748) Kiel op 31st 2018 (8)}) 14. Nd4 Rfd8 15. Nxc6 bxc6 16. Ne4 Qxa2 17. Nxf6+ gxf6 18. Qd4 Rab8 19. Qxf6 Qxb2 20. Qg5+ Kh8 21. Rxc6 Qxe2 22. Qf6+ Kg8 23. Bf3 Qb2 24. Rd4 Bh3 25. Bg4 Qa1+ 26. Bd1 Qb1 27. Qg5+ Kh8 28. Rc7 Be6 29. Qf6+ 1-0

[Event "45th Olympiad 2024"]
[Site "Budapest HUN"]
[Date "2024.09.16"]
[Round "6.35"]
[Board "2"]
[White "Pereira, Ruben"]
[Black "Karimov, Alisher"]
[Result "1/2-1/2"]
[WhiteElo "2457"]
[BlackElo "2240"]
[PlyCount "103"]
[EventDate "2024.09.11"]
[WhiteTeam "Portugal"]
[BlackTeam "Tajikistan"]
[WhiteTeamCountry "POR"]
[BlackTeamCountry "TJK"]

1. e4 c5 2. Nc3 e6 3. Nge2 Nc6 4. g3 d5 5. exd5 exd5 6. d4 Bg4 7. Bg2 Nxd4 8. h3 Bf3 9. Kf1 Qf6 10. Qd3 Bxg2+ 11. Kxg2 Nxe2 12. Qxe2+ Ne7 13. Nb5 Kd7 14. Re1 a6 $146 ({RR} 14... Qe6 15. Qd1 Qc6 16. Qg4+ f5 17. Qe2 a6 18. a4 Rd8 19. Bg5 Re8 20. c4 d4+ 21. Kh2 h6 22. Na7 Qg6 23. Qf3 Nc6 24. Bf4 Re4 25. Qb3 Nb4 26. Bd2 Qb6 27. a5 Qxa7 28. Qf3 Rxe1 29. Qxf5+ {1-0 Sitnikov,A (2362)-Bommini,M (2162) 18th Tamil Nadu IM 2024 (4.1)}) 15. Qg4+ Kc6 16. Qa4 Kd7 17. Nd6+ b5 18. Nxb5 Qc6 19. Qg4+ f5 20. Rxe7+ Bxe7 21. Qxf5+ Ke8 22. Bg5 d4+ 23. Kg1 Bf6 24. Bxf6 gxf6 25. Re1+ Kf7 26. Qh5+ Kf8 27. Na3 Re8 28. Rxe8+ Qxe8 29. Qxc5+ Kg7 30. Qa7+ Qf7 31. Qxd4 Re8 32. Qg4+ Kh8 33. Qf3 Kg7 34. b3 Qe6 35. Kg2 Qe2 36. Qxe2 Rxe2 37. Kf3 Re1 38. Nc4 Kf7 39. Ne3 Ke6 40. Kf4 Re2 41. f3 Kd6 42. h4 Kc5 43. Ke4 Kb4 44. f4 Kc3 45. Kf3 Re1 46. Nd5+ Kxc2 47. Nb4+ Kd2 48. Nxa6 f5 49. Nb4 Re3+ 50. Kg2 Re2+ 51. Kf3 Re3+ 52. Kf2 1/2-1/2

[Event "45th Olympiad 2024"]
[Site "Budapest HUN"]
[Date "2024.09.16"]
[Round "6.35"]
[Board "3"]
[White "Ilkhomi, Jaloliddin"]
[Black "Sousa, Andre Ventura"]
[Result "1/2-1/2"]
[WhiteElo "2227"]
[BlackElo "2403"]
[PlyCount "112"]
[EventDate "2024.09.11"]
[WhiteTeam "Tajikistan"]
[BlackTeam "Portugal"]
[WhiteTeamCountry "TJK"]
[BlackTeamCountry "POR"]

1. Nf3 Nf6 2. c4 e6 3. g3 d5 4. Bg2 dxc4 5. Qa4+ Bd7 6. Qxc4 c5 7. d4 Nc6 8. O-O b5 9. Qd3 c4 10. Qc2 Rc8 11. Bg5 ({RR} 11. e4 Be7 12. Qe2 O-O 13. Rd1 Re8 14. Ne5 Qc7 15. Bf4 Bd6 16. Nxd7 Nxd7 17. e5 Bb4 18. a3 Ba5 19. a4 Bb6 20. Be3 bxa4 21. Nc3 Red8 22. Rxa4 Qb8 23. Rxc4 Ne7 24. Rxc8 Rxc8 25. Be4 Nf8 {1-0 Gelfand,B (2731)-Bacrot,E (2692) ACP Masters KO rapid 2015 (1.2)}) ({RR} 11. a4 a6 12. axb5 axb5 13. Rd1 Nb4 14. Qc3 Ne4 15. Qe3 Nc2 16. Qxe4 Nxa1 17. d5 Qb6 18. Be3 Bc5 19. Bxc5 Rxc5 20. dxe6 Qxe6 21. Qa8+ Rc8 22. Qxa1 O-O 23. Nc3 Rfd8 24. Nd4 Qe5 25. Nd5 Be8 {1-0 Laddha,S (2324)-Sultanbek,Z (2040) Titled Tue 23rd Jan Early 2024 (9)}) 11... Be7 12. Rd1 O-O 13. Nc3 b4 $146 ({RR} 13... Qb6 14. a3 Rfd8 15. Ne4 Nxe4 16. Qxe4 h6 17. Be3 Qb8 18. h4 f5 19. Qc2 Bf6 20. Rab1 Na5 21. Bf4 Qb6 22. e4 Nb3 23. Be3 fxe4 24. Ne5 Bxe5 25. dxe5 Qc7 26. Qxe4 Be8 27. Qb7 Qxb7 28. Bxb7 {1-0 Lekic,D (2430)-Papadopoulos,A (1927) Paleochora op 6th 2013 (4)}) ({RR} 13... Qb6 14. d5 Nb4 15. Qd2 Nbxd5 16. Ne5 Rfd8 17. Bxd5 exd5 18. Bxf6 Qxf6 19. Nxd7 Rxd7 20. Nxd5 Qe6 21. e4 Rcd8 22. Qe3 Bf8 23. Re1 f5 24. f3 Rxd5 25. exd5 Qxe3+ 26. Rxe3 Bc5 27. Kf2 Rxd5 28. Ke2 {0-1 Kokje,J (2232)-Minko,D (2011) Hoogeveen op 22nd 2018 (8)}) ({RR} 13... Nb4 14. Qb1 Nbd5 15. a3 Nxc3 16. bxc3 Bc6 17. Bxf6 Bxf6 18. Ne5 Bxg2 19. Kxg2 Bxe5 20. dxe5 Qb6 21. a4 Qc6+ 22. f3 Qc5 23. axb5 Qxe5 24. Qb2 Rc7 25. Rd4 g6 26. Ra4 Rb8 27. Raxc4 Rxc4 28. Rxc4 {½-½ Simic,R (2485)-Velimirovic,D (2500) YUG-ch39 Subotica 1984 (9)}) 14. d5 Nxd5 15. Nxd5 Bxg5 16. Nxg5 Qxg5 17. Ne3 Nb8 18. Nxc4 Bb5 19. b3 a5 20. Rac1 Nd7 21. Qb2 Bxc4 22. Rxd7 Bb5 23. Rxc8 Rxc8 24. Rd2 Qc5 25. Bf3 Qc3 26. Kg2 f5 27. e4 Bc6 28. Qxc3 bxc3 29. Rc2 fxe4 30. Be2 Bd5 31. Kg1 a4 32. bxa4 Bxa2 33. a5 Bb3 34. Rc1 Kf7 35. a6 Kf6 36. Bd1 Bxd1 37. Rxd1 Ke5 38. a7 e3 39. fxe3 Ke4 40. Rd4+ Kxe3 41. Rc4 Rxc4 42. a8=Q c2 43. Qa3+ Ke2 44. Qc1 e5 45. Kg2 Rc3 46. Qf1+ Ke3 47. Qf2+ Kd3 48. Qf3+ Kd4 49. Qf2+ Kc4 50. Qf7+ Kb4 51. Qb7+ Ka3 52. Qa6+ Kb2 53. Qb5+ Ka2 54. Qa4+ Kb2 55. Qb5+ Ka2 56. Qa4+ Kb2 1/2-1/2

[Event "45th Olympiad 2024"]
[Site "Budapest HUN"]
[Date "2024.09.16"]
[Round "6.35"]
[Board "4"]
[White "Barria Santos, Jose Guilherme"]
[Black "Kabilov, Amin"]
[Result "0-1"]
[WhiteElo "2411"]
[BlackElo "2212"]
[PlyCount "104"]
[EventDate "2024.09.11"]
[WhiteTeam "Portugal"]
[BlackTeam "Tajikistan"]
[WhiteTeamCountry "POR"]
[BlackTeamCountry "TJK"]

1. d4 Nf6 2. c4 g6 3. Nc3 Bg7 4. e4 O-O 5. Nf3 d6 6. h3 c5 7. d5 e6 8. Bd3 e5 9. Bg5 h6 10. Be3 Nh5 11. Qd2 Kh7 12. g3 Qe7 $146 ({RR} 12... Na6 13. a3 Bd7 14. Rb1 Qe7 15. Bc2 Rfc8 16. Qe2 b6 17. Nh4 Nf6 18. Kf1 Nc7 19. b4 Na6 20. Kg2 Ng8 21. Rhd1 Bf6 22. Nf3 Bg7 23. bxc5 Nxc5 24. a4 Rab8 25. a5 Nf6 26. axb6 axb6 27. Rb4 {1-0 Flumbort,A (2435)-Szabo,B (2254) HUN-chT 1718 2017 (7.5)}) 13. O-O-O a6 14. Nh2 Re8 15. Be2 b5 16. Bxh5 gxh5 17. Qe2 Nd7 18. Qxh5 Nb6 19. Ng4 Qf8 20. Kb1 Bd7 21. Nxh6 Bxh6 22. g4 Nxc4 23. Bc1 f6 24. h4 Qg7 25. g5 Qg6 26. Qf3 Rg8 27. Rdg1 Raf8 28. h5 Qg7 29. gxh6 Qxg1 30. Rxg1 Rxg1 31. Kc2 Bg4 32. Qd3 Rg2 33. b3 Rxf2+ 34. Kb1 Rf3 35. Qc2 Ne3 36. Qh2 Nf1 37. Qh4 Rg8 38. Ne2 Bd7 39. Nf4 Rg5 40. Ne6 Rg8 41. Nf4 Rg5 42. Ne6 Rg8 43. Qh1 Rf2 44. Ng7 Nh2 45. Qe1 Ng4 46. Ne6 b4 47. a4 a5 48. Ka1 Be8 49. Ng7 Bd7 50. Ne6 Bc8 51. Kb1 Ba6 52. Qg1 Bd3+ 0-1

[Event "45th Olympiad 2024"]
[Site "Budapest HUN"]
[Date "2024.09.16"]
[Round "6.36"]
[Board "1"]
[White "Kantor, Gergely"]
[Black "Laohawirapap, Prin"]
[Result "1-0"]
[WhiteElo "2537"]
[BlackElo "2380"]
[PlyCount "77"]
[EventDate "2024.09.11"]
[WhiteTeam "Hungary C"]
[BlackTeam "Thailand"]
[BlackTeamCountry "THA"]

1. d4 Nf6 2. c4 e6 3. Nf3 d5 4. Nc3 c6 5. g3 dxc4 6. Ne5 b5 7. Bg2 Nd5 8. O-O Bb7 9. a4 a6 10. e4 Nxc3 11. bxc3 Nd7 12. f4 Be7 13. Ng4 ({RR} 13. Qg4 O-O 14. f5 exf5 15. Qxf5 Nxe5 16. Qxe5 Qd7 17. Be3 Rae8 18. Qh5 Qc7 19. Qg4 Qc8 20. Qh5 Qe6 21. Bf4 Qg6 22. Qe2 Ra8 23. e5 Bg5 24. Be4 Qh6 25. Bxg5 Qxg5 26. Rf5 Qe7 27. Raf1 c5 {1-0 Xu,J-Zhang,Q (1609) Chinese Youth U20 2024 (11.14)}) 13... O-O 14. f5 ({RR} 14. e5 f5 15. exf6 Nxf6 16. Qe2 Qc8 17. Nxf6+ Bxf6 18. Ba3 c5 19. Bxc5 Re8 20. Bxb7 Qxb7 21. Qg2 Qd5 22. axb5 axb5 23. Qxd5 exd5 24. Rxa8 Rxa8 25. Rb1 Rb8 26. Kf2 Kf7 27. Ra1 Rb7 28. Re1 h5 {½-½ Miton,K (2588)-Tomashevsky,E (2705) Wch Blitz St Petersburg 2018 (16)}) 14... Kh8 $146 ({RR} 14... exf5 15. Rxf5 b4 16. cxb4 Bxb4 17. Bf1 Bc8 18. Be3 c3 19. a5 Nb8 20. Rg5 Be7 21. Rh5 c5 22. Rd5 Qc7 23. Bd3 Nc6 24. Bf4 Qa7 25. dxc5 Nb4 26. Bc4 c2 27. Qf3 Nxd5 28. Bxd5 Qxc5+ 29. Kg2 {0-1 Perdomo,L (2393)-Matsuura,E (2469) Sao Paulo 2008 (6)}) ({RR} 14... exf5 15. Rxf5 Nc5 16. Nh6+ gxh6 17. Bxh6 Ne6 18. d5 cxd5 19. exd5 Ng7 20. Qg4 Qb6+ 21. Kh1 Qxh6 22. Raf1 Bc8 23. Qf4 Nxf5 {0-1 Raahul,V (2299)-Drozdowski,K (2448) Titled Tue 16th May Early 2023 (2)}) ({RR} 14... exf5 15. Rxf5 Nf6 16. Nxf6+ Bxf6 17. e5 Be7 18. Rh5 g6 19. Be4 f5 20. exf6 Bxf6 21. Rxh7 Qe8 22. Bxg6 Qxg6 23. Rxb7 Rae8 24. Bf4 Bg7 25. Qf3 Bh6 26. Kh1 Bxf4 27. gxf4 Qe4 28. Rg1+ Kh8 29. Qxe4 {½-½ Fridman,D (2626)-Postny,E (2568) Cappelle Online Blitz op 2022 (7)}) 15. e5 exf5 16. Rxf5 f6 17. Qc2 g6 18. Rf1 f5 19. Nh6 Kg7 20. e6 Nf6 21. Nf7 Rxf7 22. exf7 Kxf7 23. Bg5 Qd7 24. Rae1 Re8 25. Qd2 a5 26. h3 b4 27. g4 bxc3 28. Qxc3 Nd5 29. Qc1 Bxg5 30. Qxg5 Ne3 31. Rxe3 Qxd4 32. Rff3 c5 33. Rxf5+ gxf5 34. Qh5+ Kg7 35. Qxe8 Be4 36. Qe7+ Kh6 37. Qh4+ Kg7 38. Qg5+ Kh8 39. gxf5 1-0

[Event "45th Olympiad 2024"]
[Site "Budapest HUN"]
[Date "2024.09.16"]
[Round "6.36"]
[Board "2"]
[White "Kulpruethanon, Thanadon"]
[Black "Krstulovic, Alex"]
[Result "0-1"]
[WhiteElo "2286"]
[BlackElo "2452"]
[PlyCount "88"]
[EventDate "2024.09.11"]
[WhiteTeam "Thailand"]
[BlackTeam "Hungary C"]
[WhiteTeamCountry "THA"]

1. d4 Nf6 2. c4 g6 3. Nc3 d5 4. cxd5 Nxd5 5. e4 Nxc3 6. bxc3 Bg7 7. Be3 c5 8. Rc1 Qa5 9. Qd2 O-O 10. d5 Nd7 11. c4 Qxd2+ ({RR} 11... Qb6 12. f4 Nf6 13. e5 Ng4 14. Bd3 Nxe3 15. Qxe3 Qa5+ 16. Qd2 Qxd2+ 17. Kxd2 Bh6 18. Ne2 g5 19. g3 Kh8 20. Rb1 gxf4 21. gxf4 b6 22. Kc2 Rb8 23. Rhg1 Bd7 24. f5 a6 25. Rg3 Ba4+ 26. Kc3 {0-1 Maitreyi,M (1182)-Charvi,A (1267) IND-ch U10 Girls 2022 (6)}) 12. Kxd2 b6 13. Ne2 e6 $146 ({RR} 13... f5 14. exf5 gxf5 15. Nf4 Ne5 16. Bd3 Ng6 17. Rhe1 Re8 18. Nxg6 hxg6 19. g4 e6 20. Bg5 Bd7 21. h4 Kf7 22. dxe6+ Bxe6 23. h5 gxh5 24. gxf5 Bd7 25. Be4 Rac8 26. Bd5+ {1-0 Ksieski,Z (2412)-Siegler,W Karl Mala Memorial op 03rd 1999 (2)}) 14. Nc3 Ne5 15. h3 Ba6 16. Nb5 Bxb5 17. cxb5 exd5 18. exd5 Rad8 19. f4 Nd7 20. Bc4 Nf6 21. Kc2 Nxd5 22. Bd2 Nxf4 23. Bxf4 Rd4 24. Kb3 Rxf4 25. Rhf1 Rd4 26. Rce1 Rd2 27. Re2 Rxe2 28. Bxe2 Re8 29. Bf3 Bd4 30. Kc4 Kg7 31. Kd5 f5 32. Rd1 Kf6 33. Kc6 Re3 34. Kb7 Ke5 35. Rc1 Ra3 36. Rc2 Be3 37. Be2 Kd4 38. Bc4 g5 39. Bb3 Kd3 40. Rc4 h5 41. Kc6 g4 42. Kd5 Rxb3 43. axb3 gxh3 44. gxh3 f4 0-1

[Event "45th Olympiad 2024"]
[Site "Budapest HUN"]
[Date "2024.09.16"]
[Round "6.36"]
[Board "3"]
[White "Juhasz, Agoston"]
[Black "Bodemar, Jonathan"]
[Result "1-0"]
[WhiteElo "2427"]
[BlackElo "2195"]
[PlyCount "81"]
[EventDate "2024.09.11"]
[WhiteTeam "Hungary C"]
[BlackTeam "Thailand"]
[BlackTeamCountry "THA"]

1. e4 e6 2. d4 d5 3. Nc3 Nf6 4. e5 Nfd7 5. Nce2 c5 6. c3 Nc6 7. Nf3 Be7 8. a3 a5 9. Nf4 ({RR} 9. h4 a4 10. Nf4 Qa5 11. Bd2 Qb6 12. Bc1 Qa5 13. Qd2 cxd4 14. cxd4 Nb6 15. Nh5 Kf8 16. Rh3 h6 17. Rg3 g6 18. Nf6 Nd7 19. Ng4 h5 20. Ne3 Nb6 21. Nc2 Bd7 22. Qxa5 Nxa5 23. Bg5 Rc8 {1-0 Carlsen,M (2832)-Erigaisi,A (2778) FIDE World Bl Team Final 2024 (4.2)}) 9... Qb6 10. h4 a4 11. Rh3 g6 $146 ({RR} 11... cxd4 12. cxd4 Na5 13. Rg3 Nb3 14. Rb1 g6 15. h5 Nf8 16. h6 Bd7 17. Ne2 Bb5 18. Nc3 Bxf1 19. Kxf1 Nd7 20. Kg1 Qa6 21. Ng5 Nb6 22. Nxa4 Nxc1 23. Nxb6 Ne2+ 24. Kh2 Nxg3 25. Nxa8 Qxa8 26. Nxf7 {0-1 Dobrowolski,P (2412)-Piesik,P (2415) Titled Tue 2nd Jul Early 2024 (8)}) 12. Be2 Ra7 13. Kf1 Na5 14. Bd3 Nb3 15. Rb1 Nb8 16. Be3 Bd7 17. Kg1 Nc6 18. Ne2 h6 19. Rg3 Nca5 20. Nh2 Bb5 21. Ng4 h5 22. Nf6+ Bxf6 23. exf6 Bxd3 24. Qxd3 Qa6 25. Qc2 Nc4 26. Nf4 b5 27. dxc5 Qc6 28. Bd4 e5 29. Re1 Kf8 30. Bxe5 Nxe5 31. Rxe5 Qxf6 32. Rf3 Kg7 33. Ne6+ fxe6 34. Rxf6 Kxf6 35. Rxe6+ Kxe6 36. Qxg6+ Ke5 37. f4+ Kxf4 38. Qf6+ Ke3 39. Qxh8 d4 40. Qe5+ Kd3 41. c6 1-0